| 000 | 00454nam a2200181Ia 4500 | ||
|---|---|---|---|
| 001 | 304 | ||
| 005 | 20260306140507.0 | ||
| 008 | 260306t2015||||xx |||||||||||||| ||spa|| | ||
| 041 | _aESP | ||
| 082 |
_a027.098 _bT19 |
||
| 100 |
_aTanodi, Aurelio _eAUT |
||
| 245 | 0 |
_aManual de archivología Hispanoamericana : _bteorías y principios |
|
| 260 | _c2015 | ||
| 300 |
_a262 páginas : _c24 cm. |
||
| 650 | _aGEN | ||
| 654 | _aCHU | ||
| 942 |
_cLIB _dJUS _fJUS _2ddc _n |
||
| 999 |
_c304 _d304 |
||